Computer Graphics (Record no. 850)

MARC details
000 -LEADER
fixed length control field 00387nam a2200181Ia 4500
008 - FIXED-LENGTH DATA ELEMENTS--GENERAL INFORMATION
fixed length control field 221030s9999 xx 000 0 und d
020 ## - INTERNATIONAL STANDARD BOOK NUMBER
ISBN 8120309448
041 ## - LANGUAGE CODE
Language code of text/sound track or separate title
082 ## - DEWEY DECIMAL CLASSIFICATION NUMBER
Classification number 105.23
Item number Hea
100 ## - MAIN ENTRY--AUTHOR NAME
Personal name D. Hearn
245 #0 - TITLE STATEMENT
Title Computer Graphics
250 ## - EDITION STATEMENT
Edition statement 2nd
260 ## - PUBLICATION, DISTRIBUTION, ETC. (IMPRINT)
Name of publisher PHI
Place of publication India
Year of publication 2006
300 ## - PHYSICAL DESCRIPTION
Number of Pages 652
650 ## - SUBJECT ADDED ENTRY--TOPICAL TERM
Topical Term Computers
700 ## - ADDED ENTRY--PERSONAL NAME
Personal name M.P. Baker
942 ## - ADDED ENTRY ELEMENTS (KOHA)
Koha item type Books
Holdings
Accession Number Cost, normal purchase price Full call number Price effective from Koha item type Withdrawn / writtenoff status Materials specified (bound volume or other part) Damaged status Not for loan Permanent Location Current Location Shelving location Date acquired Lost/ Missing status department
M 1143 450.00 105.23 Hea 10/30/2022 Books   Print     MIET Library, Jammu MIET Library, Jammu BL-Academic Block- B, FL-2, CUP-146, SH-2, R-2 11/09/2006   MCA
M 756 450.00 105.23 Hea 10/30/2022 Books   Print     MIET Library, Jammu MIET Library, Jammu BL-Academic Block- B, FL-2, CUP-146, SH-2, R-2 08/22/2006   MCA
M 1392 450.00 105.23 Hea 10/30/2022 Books   Print     MIET Library, Jammu MIET Library, Jammu BL-Academic Block- B, FL-2, CUP-146, SH-2, R-2 11/28/2006   MCA
M 1393 450.00 105.23 Hea 10/30/2022 Books   Print     MIET Library, Jammu MIET Library, Jammu BL-Academic Block- B, FL-2, CUP-146, SH-2, R-2 11/28/2006   MCA
M 1394 450.00 105.23 Hea 10/30/2022 Books   Print     MIET Library, Jammu MIET Library, Jammu BL-Academic Block- B, FL-2, CUP-146, SH-2, R-2 11/28/2006   MCA
M 1395 450.00 105.23 Hea 10/30/2022 Books   Print     MIET Library, Jammu MIET Library, Jammu BL-Academic Block- B, FL-2, CUP-146, SH-2, R-2 11/28/2006   MCA
M 1396 450.00 105.23 Hea 10/30/2022 Books   Print     MIET Library, Jammu MIET Library, Jammu BL-Academic Block- B, FL-2, CUP-146, SH-2, R-2 11/28/2006   MCA
BE 8905 450.00 105.23 Hea 10/30/2022 Books   Print     MIET Library, Jammu MIET Library, Jammu BL-Academic Block C, FL-2, CUP-37, SH-2, R-2 11/30/2006   BE
BE 8906 450.00 105.23 Hea 10/30/2022 Books   Print     MIET Library, Jammu MIET Library, Jammu BL-Academic Block C, FL-2, CUP-37, SH-2, R-2 11/30/2006   BE
BE 8907 450.00 105.23 Hea 10/30/2022 Books   Print     MIET Library, Jammu MIET Library, Jammu BL-Academic Block A, FL-1, CUP-37, SH-2, R-2 11/30/2006   BE